Una hormiga tan solo / (Record no. 177750)

MARC details
000 -LEADER
campo de control de longitud fija 00818nam a22002415i 4500
001 - NÚMERO DE CONTROL
campo de control 177750
003 - IDENTIFICADOR DE NÚMERO DE CONTROL
campo de control ES-MaACL
005 - FECHA Y HORA DE LA ÚLTIMA TRANSACCIÓN
campo de control 20231220145100.0
008 - DATOS DE LONGITUD FIJA--INFORMACIÓN GENERAL
campo de control de longitud fija 110418s1967 sp |||| | spa d
080 ## - NÚMERO DE LA CLASIFICACIÓN DECIMAL UNIVERSAL
Número de la Clasificación Decimal Universal 821.134.2-31"19"(082.2)
100 1# - ENTRADA PRINCIPAL--NOMBRE DE PERSONA
Nombre de persona Uceta, Acacia,
Fechas asociadas al nombre 1925-2002
9 (RLIN) 111853
245 14 - MENCIÓN DEL TÍTULO
Título Una hormiga tan solo /
Mención de responsabilidad, etc. Acacia Uceta. Campo crespo / Temístocles Rubio. Los grandes sabios / Arsenio Muñoz de la Peña.
260 ## - PUBLICACIÓN, DISTRIBUCIÓN, ETC.
Lugar de publicación, distribución, etc. Madrid :
Nombre del editor, distribuidor, etc. Aguilar,
Fecha de publicación, distribución, etc. imp. 1967.
300 ## - DESCRIPCIÓN FÍSICA
Extensión 458 p. ;
Dimensiones 20 cm.
490 1# - MENCIÓN DE SERIE
Mención de serie Nova navis ;
Designación de volumen o secuencia 17
700 0# - ENTRADA AGREGADA--NOMBRE PERSONAL
Nombre de persona Rubio Carrasco, Temístocles.
9 (RLIN) 146242
700 1# - ENTRADA AGREGADA--NOMBRE PERSONAL
Nombre de persona Muñoz de la Peña, Arsenio.
9 (RLIN) 146243
740 02 - ENTRADA AGREGADA--TÍTULO RELACIONADO/ANALÍTICO NO CONTROLADO
Título relacionado o analítico no controlado Campo crespo.
740 42 - ENTRADA AGREGADA--TÍTULO RELACIONADO/ANALÍTICO NO CONTROLADO
Título relacionado o analítico no controlado Los grandes sabios.
830 0# - PUNTO DE ACCESO ADICIONAL DE SERIE-TÍTULO UNIFORME
Título uniforme Nova navis ;
Designación de volumen o secuencia 17
9 (RLIN) 190579
852 ## - LOCALIZACIÓN
Ubicación ES-MaACL
Número de control de estantería E-14949
Encuadernación Olim P-259
Holdings
Estatus retirado Estado de pérdida Estado de daño No para préstamo Biblioteca de origen Biblioteca actual Ubicación en estantería Fecha de adquisición Fuente de adquisición Total de préstamos Signatura topográfica completa Código de barras Visto por última vez Precio de reemplazo Tipo de ítem Koha
        Biblioteca del Ateneo de Madrid Biblioteca del Ateneo de Madrid Depósito 2 18/04/2011     E-14949 1186731 23/02/2023 23/02/2023 Libro impreso